La collina del disonore /

Salvato in:
Dettagli Bibliografici
Autore principale: Rigby, Ray (Autore)
Natura: Libro
Lingua:italiano
Pubblicazione: Milano : Feltrinelli, 1966
Tags: Aggiungi Tag
Nessun Tag, puoi essere il primo ad aggiungerne!!

MARC

LEADER 00000nam a22000007i 4500
001 IT\ICCU\MOD\0278748
003 ItRI
005 20250910164107.0
008 010330s1966 it |||||| ||||| |||||c
040 |b ita  |c ct 
041 7 |a ita  |2 ISO-639-2 
100 1 |a Rigby, Ray  |0 IT\ICCU\RAVV\029710  |4 aut 
240 1 4 |a The hill. -  |9 Rigby, Ray 
245 1 3 |a La collina del disonore /  |c Ray Rigby. 
260 |a Milano :  |b Feltrinelli,  |c 1966 
300 |a 295 p. ;  |c 19 cm. 
942 |2 ddc  |c BK 
952 |0 0  |1 0  |2 ddc  |4 0  |6 B_LNR02RIGRACOL11  |7 1  |9 5950  |a MI  |b MI  |d 2014-01-24  |i 550  |l 0  |o B-LNR02-RIGRA-COL11  |p CDOM550  |r 2025-07-13 16:28:00  |w 2025-07-13  |x DONO DEL COMUNE DI MILANO  |y BK 
981 1 |6 z01  |a i   |b xxxe  
982 1 |6 z01  |a n 
999 |c 4753  |d 4753